Capitales de provincias españolas más cercanas entre sí - Estadísticas

Estadísticas generales
  • Esta prueba ha sido intentada 18 veces
  • La puntuación promedio es 9 de 10
Estadísticas de respuestas
Puesto Capitales de Provincia Kilómetros % Correcto
1 Valladolid - Palencia 48 KM
100%
2 Madrid - Guadalajara 54 KM
94%
3 Segovia - Ávila 58 KM
94%
4 Salamanca - Zamora 62 KM
94%
5 Bilbao - Vitoria 64 KM
88%
6 Zaragoza - Huesca 70 KM
88%
7 Madrid - Toledo 72 KM
88%
8 Murcia - Alicante 81 KM
88%
9 Sevilla - Huelva 94 KM
88%
10 Lugo - A Coruña 95 KM
88%
No se encontraron pruebas coincidentes
Distribución de puntuación
Porcentaje de gente con cada puntuación
Porcentaje por número respondido
Historial de tus puntuaciones
No has intentado esta prueba.